[Event "Olimpiade 2024 - Donne"]
[Site "Budapest"]
[Date "21.09.2024"]
[Round "10.5"]
[Board "1"]
[White "Tokhirjonova, Gulrukhbegim"]
[Black "Osmak, Yuliia"]
[Result "1-0"]
[WhiteTitle "IM"]
[BlackTitle "IM"]
[WhiteElo "2380"]
[BlackElo "2471"]
[WhiteTeam "United States of America"]
[BlackTeam "Ukraine"]
[WhiteFideId "14203626"]
[BlackFideId "14101602"]
[EventDate "2024.09.11"]

1. Nf3 d5 2. g3 c6 3. Bg2 Nf6 4. c4 dxc4 5. Qc2 Be6 6. O-O Nbd7 7. Ng5 Bg4 8.
Qxc4 e6 9. d4 Be7 10. Nc3 O-O 11. h3 Bh5 12. Nf3 Bg6 13. e3 Ne4 14. Rd1 Qa5 15.
Bd2 Nxd2 16. Nxd2 Rac8 17. Qe2 Rfd8 18. a3 Qc7 19. Rac1 Qb8 20. Nc4 Bf6 21. b4
Nb6 22. f4 Nxc4 23. Qxc4 Qd6 24. Kh1 Be7 25. e4 a5 26. bxa5 Qxa3 27. Rb1 Rb8 28.
g4 Qxa5 29. f5 exf5 30. exf5 Bxf5 31. gxf5 Qxf5 32. Rf1 Qh5 33. d5 cxd5 34. Nxd5
Bd6 35. Rbe1 b5 36. Qb3 Kh8 37. Ne7 Bxe7 38. Rxe7 f6 39. Rfe1 Qg6 40. Be4 f5 41.
Rg1 Qxg1+ 42. Kxg1 fxe4 43. Qb2 Rg8 44. Rxe4 Rb6 45. Kh2 h6 46. h4 Rf8 47. Rg4
Rb7 48. Rg6 Kh7 49. Qc2 Rbf7 50. Rg4+ Kh8 51. Qc3 Rf2+ 52. Kg3 R8f6 53. h5 Rf1
54. Qd4 R1f3+ 55. Kh4 Rf1 56. Re4 Rf8 57. Kg4 R1f5 58. Re6 Rg5+ 59. Kh4 Rgf5 60.
Re4 Rf1 61. Kg3 R1f5 62. Rg4 Rg5 63. Rxg5 hxg5 64. h6 Rf6 65. hxg7+ Kxg7 66. Kg4
Kg6 67. Qe4+ Kh6 68. Qh1+ Kg6 69. Qh5+ Kg7 70. Kxg5 b4 71. Qe8 Rf7 72. Qe5+ Kh7
73. Qe4+ Kg7 74. Qxb4 Kh7 75. Qd4 Re7 76. Kf6 Rg7 77. Qh4+ Kg8 78. Qh5 Rg1 79.
Qe8+ Kh7 80. Qd7+ Kg8 81. Qc8+ Kh7 82. Qc7+ Kg8 83. Qb8+ Kh7 84. Qh2+ 1-0

[Event "Olimpiade 2024 - Donne"]
[Site "Budapest"]
[Date "21.09.2024"]
[Round "10.5"]
[Board "2"]
[White "Ushenina, Anna"]
[Black "Yip, Carissa"]
[Result "0-1"]
[WhiteTitle "GM"]
[BlackTitle "IM"]
[WhiteElo "2417"]
[BlackElo "2386"]
[WhiteTeam "Ukraine"]
[BlackTeam "United States of America"]
[WhiteFideId "14110911"]
[BlackFideId "2090732"]
[EventDate "2024.09.11"]

1. d4 g6 2. e4 Bg7 3. Nc3 d6 4. Be3 a6 5. g4 Nd7 6. h4 h6 7. Qd2 b5 8. O-O-O Bb7
9. f3 e6 10. Nge2 Ne7 11. Ng3 c5 12. f4 b4 13. Nb1 Qc7 14. h5 O-O-O 15. hxg6
Nxg6 16. f5 cxd4 17. Bxd4 Nge5 18. Be2 Nc5 19. Qe3 Bf6 20. Rxh6 Ned3+ 21. Bxd3
Bxd4 22. Qg5 b3 23. Bc4 Be5 24. Rxh8 Rxh8 25. axb3 Bxg3 26. Nd2 d5 27. exd5 exd5
28. Be2 Re8 29. Bf3 Nxb3+ 30. Kb1 Bf4 0-1

[Event "Olimpiade 2024 - Donne"]
[Site "Budapest"]
[Date "21.09.2024"]
[Round "10.5"]
[Board "4"]
[White "Gaponenko, Inna"]
[Black "Lee, Alice"]
[Result "1/2-1/2"]
[WhiteTitle "IM"]
[BlackTitle "IM"]
[WhiteElo "2324"]
[BlackElo "2384"]
[WhiteTeam "Ukraine"]
[BlackTeam "United States of America"]
[WhiteFideId "14101181"]
[BlackFideId "30941822"]
[EventDate "2024.09.11"]

1. e4 c5 2. c3 Nf6 3. e5 Nd5 4. Nf3 Nc6 5. d4 cxd4 6. cxd4 d6 7. Bc4 Nb6 8. Bb5
dxe5 9. Nxe5 Bd7 10. Nxd7 Qxd7 11. Nc3 Rd8 12. O-O g6 13. Re1 h6 14. a4 Bg7 15.
a5 Nd5 16. a6 O-O 17. axb7 Qxb7 18. Bxc6 Qxc6 19. Qa4 Qxa4 20. Rxa4 e6 21. Nxd5
Rxd5 22. Be3 Rb8 23. Rxa7 Bxd4 24. Bxd4 Rxd4 25. g3 Rxb2 26. Re3 Rbd2 27. h4 Rd5
28. Rf3 Rd7 29. Rxd7 Rxd7 30. Re3 Kg7 31. Kg2 h5 32. f4 Kf6 33. Kf3 Rd5 34. Ra3
Kf5 35. Rb3 f6 36. Ra3 Rd6 37. Rb3 e5 38. fxe5 fxe5 39. Ke3 Ra6 40. Kf3 Ke6 41.
g4 Kf6 42. gxh5 gxh5 43. Rb8 Ra3+ 44. Kg2 Ra4 45. Rf8+ Ke6 46. Kh3 Rf4 47. Re8+
Kd5 48. Rh8 Rf3+ 49. Kg2 Rf5 50. Ra8 Rf4 51. Kg3 Ke4 52. Rh8 Rf3+ 53. Kg2 Rf5
54. Rg8 Ke3 55. Kg3 Ke4 56. Kg2 Kd5 57. Rd8+ Ke6 58. Kg3 e4 59. Re8+ Kd5 60. Ra8
Rf3+ 61. Kg2 Rf5 62. Kg3 Rf3+ 63. Kg2 Rf4 64. Ra5+ Kd4 65. Rxh5 e3 66. Ra5 e2
67. Ra4+ Ke5 68. Ra5+ Ke4 69. Ra4+ Kd5 70. Ra5+ Kc4 71. Ra4+ Kb3 72. Ra1 Kc4 73.
Ra4+ Kc3 74. Ra3+ Kd4 75. Ra4+ Ke5 76. Ra5+ Ke6 77. Ra1 Rxh4 78. Re1 Re4 79. Kf3
Ke5 80. Rxe2 Rxe2 81. Kxe2 1/2-1/2

[Event "Olimpiade 2024 - Donne"]
[Site "Budapest"]
[Date "21.09.2024"]
[Round "10.6"]
[Board "1"]
[White "Khademalsharieh, Sarasadat"]
[Black "Mkrtchian, Lilit"]
[Result "1-0"]
[WhiteTitle "IM"]
[BlackTitle "IM"]
[WhiteElo "2468"]
[BlackElo "2366"]
[WhiteTeam "Spain"]
[BlackTeam "Armenia"]
[WhiteFideId "12512214"]
[BlackFideId "13300601"]
[EventDate "2024.09.11"]

1. Nf3 c5 2. b3 Nf6 3. Bb2 g6 4. c4 Bg7 5. g3 b6 6. Bg2 Bb7 7. d4 cxd4 8. Qxd4
d6 9. Nc3 Nbd7 10. O-O O-O 11. Rfd1 a6 12. Ne1 Bxg2 13. Nxg2 Rc8 14. Rac1 Rc5
15. Nd5 b5 16. Nge3 bxc4 17. Rxc4 Nh5 18. Qd2 Bxb2 19. Rxc5 Nxc5 20. Qxb2 e6 21.
Ng4 f6 22. b4 Nd7 23. Nc3 Qb6 24. Qb3 Ng7 25. Qa4 Ne5 26. Nxe5 fxe5 27. Ne4 d5
28. Nc5 Ra8 29. Qd7 Qb5 30. Rxd5 Qxe2 31. Rd2 Qe1+ 32. Kg2 Rf8 33. Qd3 Rb8 34.
a3 Ra8 35. Re2 Qa1 36. Qc4 Qd4 37. Qa2 Re8 38. Nxa6 Qb6 39. Nc5 Qc6+ 40. f3 Nf5
41. Rxe5 Nd4 42. Re4 Qd6 43. Qc4 1-0

[Event "Olimpiade 2024 - Donne"]
[Site "Budapest"]
[Date "21.09.2024"]
[Round "10.6"]
[Board "2"]
[White "Mkrtchyan, Mariam"]
[Black "Vega Gutierrez, Sabrina"]
[Result "0-1"]
[WhiteTitle "WIM"]
[BlackTitle "IM"]
[WhiteElo "2328"]
[BlackElo "2374"]
[WhiteTeam "Armenia"]
[BlackTeam "Spain"]
[WhiteFideId "13310828"]
[BlackFideId "2219026"]
[EventDate "2024.09.11"]

1. d4 d5 2. c4 c5 3. cxd5 Nf6 4. dxc5 Qxd5 5. Qxd5 Nxd5 6. a3 e6 7. e4 Nf6 8.
Nc3 Bxc5 9. Bf4 Nc6 10. Nf3 e5 11. Nxe5 Nxe5 12. Bxe5 Bxf2+ 13. Ke2 Bc5 14. Kf3
Bg4+ 15. Kf4 Be6 16. Be2 Nd7 17. Bc7 Rc8 18. Nb5 O-O 19. b4 Rxc7 20. bxc5 Rxc5
21. Nxa7 f5 22. Rac1 Re5 23. Rhd1 Rxe4+ 24. Kf3 Ne5+ 25. Kf2 Ng4+ 26. Bxg4 fxg4+
27. Kg1 Re2 28. Re1 Rff2 29. Rxe2 Rxe2 30. Rc3 Bd5 31. Rg3 h5 32. Nb5 Rd2 33.
Nc3 Bc6 34. h3 Kf7 35. Kf1 g5 36. a4 Kg6 37. Kg1 Rc2 38. Nb5 gxh3 39. gxh3 Bxb5
40. axb5 Rb2 41. Rc3 Rxb5 42. Kg2 Rf5 43. Rc7 b5 44. Re7 h4 45. Re8 Kf6 46. Kg1
Re5 47. Rb8 Kf5 48. Kf2 Ke4 49. Ke2 Kd4+ 50. Kd2 Kc4 51. Kc2 Re2+ 52. Kc1 g4 53.
Kd1 Ra2 54. Rh8 g3 55. Rxh4+ Kd3 0-1

[Event "Olimpiade 2024 - Donne"]
[Site "Budapest"]
[Date "21.09.2024"]
[Round "10.6"]
[Board "3"]
[White "Matnadze Bujiashvili, Ann"]
[Black "Danielian, Elina"]
[Result "0-1"]
[WhiteTitle "IM"]
[BlackTitle "GM"]
[WhiteElo "2338"]
[BlackElo "2393"]
[WhiteTeam "Spain"]
[BlackTeam "Armenia"]
[WhiteFideId "13601377"]
[BlackFideId "13300210"]
[EventDate "2024.09.11"]

1. Nf3 d5 2. g3 Bg4 3. Bg2 Nd7 4. h3 Bh5 5. c4 dxc4 6. Qa4 c6 7. Qxc4 Bxf3 8.
Bxf3 Ne5 9. Qb3 Nxf3+ 10. Qxf3 g6 11. Nc3 Bg7 12. a4 Nf6 13. a5 Qd7 14. a6 b6
15. Kf1 O-O 16. Kg2 Nd5 17. h4 h5 18. d4 Bxd4 19. Rd1 Bxc3 20. bxc3 Qf5 21. c4
Qxf3+ 22. Kxf3 Nf6 23. Bg5 Rfd8 24. e4 Kf8 25. Be3 Ke8 26. e5 Rxd1 27. Rxd1 Nd7
28. Kf4 Nf8 29. Ke4 Ne6 30. f3 Rd8 31. Rg1 f5+ 32. exf6 exf6 33. g4 Kf7 34. gxh5
gxh5 35. f4 c5 36. f5 Nd4 37. Rf1 Re8+ 38. Kd3 Nc6 39. Bf4 Rd8+ 40. Kc3 Rd4 41.
Bg3 Na5 42. Rf4 Rxf4 43. Bxf4 Ke7 44. Kd3 Kd7 45. Bg3 Nc6 46. Ke4 Nb4 47. Be1
Nxa6 48. Bc3 Ke7 49. Bb2 Nb4 50. Ba1 Nc6 51. Kd5 Nd4 52. Bc3 Nxf5 53. Kc6 Ne3
54. Kb5 f5 55. Be5 Nc2 56. Kc6 Ke6 57. Bb8 Na3 58. Bxa7 Nxc4 59. Kb5 Kd5 0-1

[Event "Olimpiade 2024 - Donne"]
[Site "Budapest"]
[Date "21.09.2024"]
[Round "10.6"]
[Board "4"]
[White "Sargsyan, Anna M."]
[Black "Calzetta Ruiz, Monica"]
[Result "1-0"]
[WhiteTitle "IM"]
[BlackTitle "WGM"]
[WhiteElo "2364"]
[BlackElo "2199"]
[WhiteTeam "Armenia"]
[BlackTeam "Spain"]
[WhiteFideId "13308130"]
[BlackFideId "2204185"]
[EventDate "2024.09.11"]

1. e4 c5 2. Nf3 g6 3. d4 cxd4 4. Qxd4 Nf6 5. Qa4 Nc6 6. Nc3 d6 7. e5 dxe5 8.
Nxe5 Bd7 9. Nxd7 Nxd7 10. Bb5 Bg7 11. O-O O-O 12. Rd1 Qc8 13. Nd5 Nb6 14. Nxb6
axb6 15. Qc4 Rd8 16. Rxd8+ Qxd8 17. c3 Na7 18. Be3 Rc8 19. Qb3 Nxb5 20. Qxb5 Rc6
21. g3 h5 22. h4 Bf6 23. a4 Rd6 24. Kh2 Kg7 25. Qb3 e5 26. Qb4 Qc7 27. Qe4 Qd7
28. Kg2 b5 29. a5 Rc6 30. Qf3 Rd6 31. Bc5 Rd2 32. b4 Rd3 33. Bf8+ Kxf8 34. Qxf6
Qd5+ 35. Kh2 Rxc3 36. Re1 Qf3 37. Qh8+ Ke7 38. Qxe5+ Kd7 39. Qe8+ Kd6 40. Rd1+ 1-0

[Event "Olimpiade 2024 - Donne"]
[Site "Budapest"]
[Date "21.09.2024"]
[Round "10.7"]
[Board "1"]
[White "Mammadzada, Gunay"]
[Black "Munkhzul, Turmunkh"]
[Result "1/2-1/2"]
[WhiteTitle "IM"]
[BlackTitle "WGM"]
[WhiteElo "2433"]
[BlackElo "2256"]
[WhiteTeam "Azerbaijan"]
[BlackTeam "Mongolia"]
[WhiteFideId "13403729"]
[BlackFideId "4901878"]
[EventDate "2024.09.11"]

1. Nf3 Nf6 2. c4 e6 3. g3 d5 4. Bg2 Be7 5. O-O O-O 6. d3 c5 7. Ne5 Qc7 8. f4
Nbd7 9. Nxd7 Bxd7 10. e4 dxe4 11. dxe4 Bc6 12. Nc3 Rad8 13. Qe2 b6 14. g4 Qb7
15. g5 Nd7 16. Bd2 Rfe8 17. h4 Nf8 18. Be3 Ng6 19. Qf2 Rd3 20. Rad1 Rxd1 21.
Rxd1 Rd8 22. Rf1 Bf8 23. h5 Ne7 24. Qe2 Qd7 25. Rd1 Qc8 26. Rxd8 Qxd8 27. Qd2
Qxd2 28. Bxd2 f6 29. Kf2 Kf7 30. Bh3 Nc8 31. f5 exf5 32. Bxf5 Nd6 33. Bxh7 Nxc4
34. Bc1 fxg5 35. b3 Ne5 36. Bxg5 Be7 37. Bxe7 Kxe7 38. Ke3 Kf6 39. Kf4 Nd3+ 40.
Ke3 Ne5 41. Kf4 Nd3+ 42. Ke3 Nb4 43. Kf4 Nd3+ 44. Ke3 Ne5 1/2-1/2

[Event "Olimpiade 2024 - Donne"]
[Site "Budapest"]
[Date "21.09.2024"]
[Round "10.7"]
[Board "2"]
[White "Munguntuul, Batkhuyag"]
[Black "Fataliyeva, Ulviyya"]
[Result "0-1"]
[WhiteTitle "IM"]
[BlackTitle "IM"]
[WhiteElo "2346"]
[BlackElo "2378"]
[WhiteTeam "Mongolia"]
[BlackTeam "Azerbaijan"]
[WhiteFideId "4900758"]
[BlackFideId "13403052"]
[EventDate "2024.09.11"]

1. e4 e5 2. Nf3 Nc6 3. Bb5 a6 4. Ba4 Nf6 5. O-O Be7 6. d3 b5 7. Bb3 d6 8. a3 Na5
9. Ba2 c5 10. Nc3 Be6 11. Bg5 O-O 12. Bxf6 Bxf6 13. Nd5 c4 14. dxc4 Nxc4 15.
Bxc4 bxc4 16. Nd2 Bxd5 17. exd5 Qc7 18. Qg4 Rac8 19. b3 cxb3 20. cxb3 Be7 21.
Nc4 f5 22. Qd1 Qc5 23. Rc1 Qb5 24. Qd3 Rc5 25. b4 e4 26. Qb3 Rfc8 27. a4 Qb8 28.
Rc3 R5c7 29. Rfc1 Bf6 30. R3c2 f4 31. Na3 Rxc2 32. Rxc2 Re8 33. Nc4 Bd4 34. h3
Qd8 35. Kh1 Qg5 36. Nxd6 f3 37. g3 Qh6 38. Kh2 Qxd6 39. Rc6 Qd7 40. d6+ Kh8 41.
Qd5 Bxf2 42. Rc7 Bg1+ 43. Kxg1 Qxh3 44. Rc2 Qxg3+ 45. Kh1 f2 46. Rxf2 Qxf2 47.
d7 Qh4+ 0-1

[Event "Olimpiade 2024 - Donne"]
[Site "Budapest"]
[Date "21.09.2024"]
[Round "10.7"]
[Board "3"]
[White "Beydullayeva, Govhar"]
[Black "Nomin-Erdene, Davaademberel"]
[Result "1-0"]
[WhiteTitle "WGM"]
[BlackTitle "IM"]
[WhiteElo "2395"]
[BlackElo "2319"]
[WhiteTeam "Azerbaijan"]
[BlackTeam "Mongolia"]
[WhiteFideId "13413015"]
[BlackFideId "4900782"]
[EventDate "2024.09.11"]

1. d4 d5 2. c4 c6 3. Nf3 Nf6 4. Nc3 e6 5. Bg5 h6 6. Bxf6 Qxf6 7. e3 Nd7 8. Be2
dxc4 9. O-O g6 10. Ne4 Qe7 11. Ne5 Bg7 12. f4 Nf6 13. Nxf6+ Bxf6 14. Bxc4 Bd7
15. Rc1 O-O-O 16. Qb3 Be8 17. Nd3 g5 18. Kh1 gxf4 19. Rxf4 Bg5 20. Re4 Kb8 21.
a4 Qc7 22. Nc5 Ka8 23. a5 Be7 24. Qc3 Rg8 25. a6 b6 26. Nb3 Rg5 27. Be2 Kb8 28.
Bf3 Rc8 29. Rf4 Bd6 30. Rh4 Rg6 31. Nd2 e5 32. Nc4 exd4 33. exd4 f5 34. Nxd6
Rxd6 35. Qe3 Qg7 36. Qf4 Qf6 37. b4 Bd7 38. Re1 Kc7 39. d5 cxd5 40. Bxd5 Qg5 41.
Rc1+ Kd8 42. Qxg5+ hxg5 43. Rh8+ Ke7 44. Re1+ Be6 45. Rxc8 Rxd5 46. Rc6 Rd6 47.
Rc7+ Rd7 48. Rec1 Bd5 49. Kg1 Kd6 50. Rxd7+ Kxd7 51. Kf2 Bc6 52. g3 g4 53. Ke3
Be4 54. Kf4 Kd6 55. Rc8 Kd7 56. Rh8 Kc6 57. Rh7 Kb5 58. Rxa7 Kxb4 59. Re7 Bf3
60. a7 b5 61. Re8 1-0

[Event "Olimpiade 2024 - Donne"]
[Site "Budapest"]
[Date "21.09.2024"]
[Round "10.7"]
[Board "4"]
[White "Mungunzul, Bat-Erdene"]
[Black "Balajayeva, Khanim"]
[Result "1-0"]
[WhiteTitle "WCM"]
[BlackTitle "IM"]
[WhiteElo "2224"]
[BlackElo "2384"]
[WhiteTeam "Mongolia"]
[BlackTeam "Azerbaijan"]
[WhiteFideId "4902831"]
[BlackFideId "13406396"]
[EventDate "2024.09.11"]

1. d4 Nf6 2. c4 e6 3. Nf3 d5 4. Nc3 Be7 5. Bg5 h6 6. Bh4 dxc4 7. e3 c5 8. Bxc4
cxd4 9. exd4 O-O 10. O-O Nc6 11. a3 Nh5 12. Bxe7 Nxe7 13. Re1 Nf6 14. Qd3 b6 15.
Ne5 Bb7 16. Bb3 Ned5 17. Nxd5 Bxd5 18. Bc2 Re8 19. Rad1 Rc8 20. f4 Qc7 21. Rd2
Qb7 22. f5 Be4 23. Rxe4 Rxc2 24. Rxc2 Nxe4 25. fxe6 Rxe6 26. Qc4 Nd6 27. Qc6 Qe7
28. h3 g6 29. Qc7 Qxc7 30. Rxc7 Nb5 31. Rd7 Rd6 32. Rxf7 Rxd4 33. Rf6 Rd1+ 34.
Kh2 Rd2 35. Nc4 Rc2 36. Rxg6+ Kh7 37. Rg4 Nc7 38. b3 Ne6 39. Nd6 h5 40. Re4 Nc5
41. Re3 a6 42. b4 Na4 43. Kg3 Rd2 44. Ne4 Rd4 45. Kf4 Nb2 46. Kf5 Nc4 47. Ng5+
Kg7 48. Re7+ Kf8 49. Rc7 Ne3+ 50. Ke5 Rd3 51. Ke6 Nd5 52. Rc8+ Kg7 53. Ke5 Ne7
54. Ne6+ Kg6 55. Nf4+ Kg5 56. Nxd3 Nxc8 57. a4 Kh4 58. Nf4 Kg3 59. Nxh5+ Kxg2
60. Ke6 Kf3 61. Nf6 Na7 62. Kd6 Ke3 63. h4 a5 64. b5 Kd4 65. h5 1-0

[Event "Olimpiade 2024 - Donne"]
[Site "Budapest"]
[Date "21.09.2024"]
[Round "10.8"]
[Board "1"]
[White "Stefanova, Antoaneta"]
[Black "Efroimski, Marsel"]
[Result "1-0"]
[WhiteTitle "GM"]
[BlackTitle "IM"]
[WhiteElo "2416"]
[BlackElo "2408"]
[WhiteTeam "Bulgaria"]
[BlackTeam "Israel"]
[WhiteFideId "2902257"]
[BlackFideId "2810964"]
[EventDate "2024.09.11"]

1. Nf3 d5 2. g3 Nf6 3. Bg2 e6 4. O-O Be7 5. c4 O-O 6. d4 dxc4 7. Qc2 a6 8. a4
Bd7 9. Qxc4 Bc6 10. Bg5 Bd5 11. Qc2 Be4 12. Qc1 Nc6 13. e3 Nb4 14. Nc3 Bc6 15.
Rd1 Nfd5 16. e4 Nf6 17. Ne5 a5 18. Nxc6 bxc6 19. Bxf6 Bxf6 20. Ne2 Ra6 21. h4
Qb8 22. e5 Be7 23. Nf4 Rd8 24. Qc4 Bf8 25. h5 Rb6 26. h6 Nd5 27. hxg7 Bxg7 28.
Nh5 Rxb2 29. Qxc6 Qb6 30. Bxd5 exd5 31. Rac1 Qxc6 32. Rxc6 Rb4 33. Rxc7 Rxa4 34.
e6 Rxd4 35. Re1 Re4 36. Rxe4 dxe4 37. Rd7 1-0

[Event "Olimpiade 2024 - Donne"]
[Site "Budapest"]
[Date "21.09.2024"]
[Round "10.8"]
[Board "2"]
[White "Klinova, Masha"]
[Black "Salimova, Nurgyul"]
[Result "1/2-1/2"]
[WhiteTitle "IM"]
[BlackTitle "IM"]
[WhiteElo "2227"]
[BlackElo "2412"]
[WhiteTeam "Israel"]
[BlackTeam "Bulgaria"]
[WhiteFideId "2802015"]
[BlackFideId "2915138"]
[EventDate "2024.09.11"]

1. e4 e5 2. Nf3 Nc6 3. Bc4 Nf6 4. d3 h6 5. a4 Bc5 6. O-O d6 7. c3 a5 8. Be3 Bxe3
9. fxe3 O-O 10. Nbd2 Ne7 11. Qe1 c6 12. Ba2 Ng6 13. Nh4 Kh7 14. Nf5 d5 15. exd5
Nxd5 16. Qg3 Be6 17. d4 Qb8 18. Bb1 exd4 19. Qxb8 Raxb8 20. exd4 Kg8 21. Ng3
Nge7 22. Bd3 Rfd8 23. Nc4 b6 24. Ne4 g5 25. Rfe1 Kg7 26. Ne5 Nf4 27. Bf1 Nfg6
28. Nxg6 Nxg6 29. g3 Bd5 30. Bg2 c5 31. dxc5 bxc5 32. Re2 Bxe4 33. Bxe4 Ne5 34.
Rf1 f6 35. h3 Rd6 36. Bf5 c4 37. Kg2 Rbd8 38. g4 Rh8 39. Rb1 Rb8 40. Rf1 Rbd8
41. Rb1 Rb6 42. Rf1 Rd5 43. Be4 Rdd6 44. Bf5 Kf7 45. Kg3 Rd8 46. Kg2 Rbd6 47.
Kf2 Rh8 48. Kg2 Ke7 49. Rb1 Rb8 50. Rf1 Rbd8 51. Kf2 Rh8 52. Kg2 h5 53. gxh5
Rxh5 54. Rb1 Rh4 55. b4 cxb3 56. Rxb3 Rf4 57. Rb7+ Kd8 58. Bc2 Rc4 59. Ra7 Rxc3
60. Rxa5 Rd4 61. Bf5 Rcc4 62. Ra8+ Kc7 63. Rc8+ Kd6 64. Rxc4 Rxc4 65. Ra2 Rf4
66. Bc8 Kc7 67. Be6 Kd6 68. Bc8 Rc4 69. Bf5 Rf4 70. Bc8 Rc4 1/2-1/2

[Event "Olimpiade 2024 - Donne"]
[Site "Budapest"]
[Date "21.09.2024"]
[Round "10.8"]
[Board "3"]
[White "Radeva, Viktoria"]
[Black "Orian, Noga"]
[Result "1-0"]
[WhiteTitle "WGM"]
[BlackTitle "WFM"]
[WhiteElo "2297"]
[BlackElo "2187"]
[WhiteTeam "Bulgaria"]
[BlackTeam "Israel"]
[WhiteFideId "2915405"]
[BlackFideId "2836475"]
[EventDate "2024.09.11"]

1. e4 c5 2. Nc3 e6 3. Nf3 Nc6 4. d4 cxd4 5. Nxd4 Qc7 6. Be3 a6 7. a3 b5 8. Nxc6
Qxc6 9. h4 Nf6 10. h5 Nxe4 11. Nxe4 Qxe4 12. Be2 Rb8 13. Qd2 Bb7 14. Bf3 Qc4 15.
O-O-O d5 16. Kb1 Be7 17. Bd4 Rg8 18. Rhe1 Rc8 19. Be2 Qc7 20. f4 Bh4 21. Rf1 Bf6
22. Bxf6 gxf6 23. Bf3 f5 24. Qe2 Kf8 25. Rd4 Qd6 26. g4 fxg4 27. Bxg4 f5 28. Bf3
Kf7 29. Re1 Bc6 30. Qe3 a5 31. h6 Rb8 32. Qf2 Bd7 33. Qh4 Qe7 34. Qh5+ Rg6 35.
Rxd5 b4 36. Rxf5+ exf5 37. Bd5+ Kf8 38. Rxe7 Kxe7 39. Qe2+ Kd8 40. Qe5 Rbb6 41.
a4 Rxh6 42. Bb3 Rhf6 43. Qxa5 h5 44. Qa8+ Kc7 45. Bd5 Ra6 46. Qb7+ Kd8 47. Qb8+
Ke7 48. Qxb4+ Rfd6 49. a5 Kf6 50. Bb7 Rd1+ 51. Ka2 Be6+ 52. b3 Rad6 53. a6 R6d4
54. Qc3 Kg6 55. Kb2 Rd8 56. a7 Bd5 57. Bxd5 R1xd5 58. Qc6+ R5d6 59. a8=Q Rxc6
60. Qxc6+ 1-0

[Event "Olimpiade 2024 - Donne"]
[Site "Budapest"]
[Date "21.09.2024"]
[Round "10.8"]
[Board "4"]
[White "Kochavi, Dana"]
[Black "Peycheva, Gergana"]
[Result "1-0"]
[WhiteTitle "WFM"]
[BlackTitle "FM"]
[WhiteElo "2009"]
[BlackElo "2248"]
[WhiteTeam "Israel"]
[BlackTeam "Bulgaria"]
[WhiteFideId "2837137"]
[BlackFideId "2916711"]
[EventDate "2024.09.11"]

1. e4 c6 2. Nf3 d5 3. Nc3 dxe4 4. Nxe4 Nf6 5. Qe2 Na6 6. d4 Nxe4 7. Qxe4 Qd5 8.
Qxd5 cxd5 9. c3 Nb8 10. Bd3 f6 11. h4 Nc6 12. Bf4 Kf7 13. O-O g6 14. Rfe1 Bd7
15. Bg3 e6 16. a4 Bh6 17. a5 a6 18. Re2 Rhe8 19. Bd6 Bf8 20. Bxf8 Kxf8 21. Nd2
e5 22. dxe5 fxe5 23. f3 Bf5 24. Re3 Rad8 25. Nb3 d4 26. cxd4 Nxd4 27. Nc5 Rd5
28. b4 Nc6 29. Be4 Bxe4 30. Rxe4 Re7 31. Rc1 Rd4 32. Nxa6 Rxe4 33. fxe4 Nd4 34.
Rf1+ Kg7 35. Nc5 Kh6 36. Rf6 Kh5 37. Rb6 Rf7 38. Rxb7 Ne2+ 39. Kh2 Rf1 40. Rxh7+
Kg4 41. Rh6 g5 42. Nd7 gxh4 43. Nxe5+ Kg5 44. Rg6+ Kh5 45. Rg8 Ng3 46. Rh8+ Kg5
47. Nf3+ Kg6 48. Rxh4 Ne2 49. Rg4+ Kh5 50. Rg5+ Kh6 51. Rf5 Nc3 52. e5 1-0

[Event "Olimpiade 2024 - Donne"]
[Site "Budapest"]
[Date "21.09.2024"]
[Round "10.9"]
[Board "1"]
[White "Daulyte-Cornette, Deimante"]
[Black "Borosova, Zuzana"]
[Result "1-0"]
[WhiteTitle "IM"]
[BlackTitle "WGM"]
[WhiteElo "2369"]
[BlackElo "2205"]
[WhiteTeam "France"]
[BlackTeam "Slovakia"]
[WhiteFideId "12802859"]
[BlackFideId "14905779"]
[EventDate "2024.09.11"]

1. e4 c6 2. d4 d5 3. e5 Bf5 4. h4 h5 5. Bd3 Bxd3 6. Qxd3 Qa5+ 7. b4 Qa6 8. Qb3
e6 9. Nf3 Qc4 10. Bd2 Qxb3 11. axb3 Na6 12. c3 Ne7 13. Na3 Nc7 14. Nc2 a6 15.
O-O Ng6 16. Nce1 Be7 17. g3 Nf8 18. Nd3 Nd7 19. Rfc1 O-O-O 20. Bg5 Rde8 21. Bxe7
Rxe7 22. Nf4 Kb8 23. Kf1 Ree8 24. Re1 Nb6 25. Ng5 Re7 26. Re3 Nd7 27. Rae1 Kc8
28. Rf3 Rh6 29. Nd3 f6 30. Nh3 f5 31. Ng5 Nf8 32. Rfe3 Ng6 33. Ra1 Nh8 34. Kg2
Nf7 35. Nh3 Nd8 36. Nhf4 Re8 37. Nc5 Rg8 38. Rh1 Re8 39. Kf1 Re7 40. Ke1 Re8 41.
Kd2 Re7 42. Ree1 Re8 43. Reg1 Rg8 44. f3 Rf8 45. Ncd3 Ne8 46. g4 fxg4 47. fxg4
hxg4 48. Rxg4 Rf7 49. h5 b6 50. Rhg1 Kd7 51. c4 Rh7 52. Ke3 Nc7 53. Nf2 Ne8 54.
Rg6 Re7 55. Ra1 Nc7 56. N2d3 Nf7 57. b5 axb5 58. c5 bxc5 59. Nxc5+ Kc8 60. Nfxe6
Kb8 61. Nxc7 Kxc7 62. Ra7+ Kd8 63. Ne6+ Rxe6 64. Rxe6 Nh6 65. Rxc6 Nf5+ 66. Kd3
Rxh5 67. e6 Rh3+ 68. Kd2 Rh2+ 69. Kc1 Re2 70. Rd7+ 1-0

[Event "Olimpiade 2024 - Donne"]
[Site "Budapest"]
[Date "21.09.2024"]
[Round "10.9"]
[Board "2"]
[White "Repkova, Eva"]
[Black "Milliet, Sophie"]
[Result "1-0"]
[WhiteTitle "IM"]
[BlackTitle "IM"]
[WhiteElo "2319"]
[BlackElo "2348"]
[WhiteTeam "Slovakia"]
[BlackTeam "France"]
[WhiteFideId "14900440"]
[BlackFideId "623725"]
[EventDate "2024.09.11"]

1. d4 d5 2. Nf3 e6 3. Bf4 c5 4. e3 Nc6 5. Nbd2 Bd6 6. dxc5 Bxf4 7. exf4 Qf6 8.
g3 Qxb2 9. Rb1 Qc3 10. Bb5 Ne7 11. Ne5 O-O 12. Nd3 Nd4 13. Ba4 b6 14. cxb6 axb6
15. Bb3 Ba6 16. Kf1 Nxc2 17. Bxc2 Bxd3+ 18. Bxd3 Qxd3+ 19. Qe2 Qf5 20. Rb2 Qh3+
21. Kg1 Rfc8 22. Qf1 Qh5 23. Kg2 Nf5 24. Qd1 Qg6 25. Nf3 Ra3 26. Ne5 Nh4+ 27.
Kh3 Qf5+ 28. Qg4 Qe4 29. Qxh4 Qxh1 30. Qe7 Raa8 31. Qxf7+ Kh8 32. Qxe6 h6 33.
Rxb6 Qf1+ 34. Kh4 Qxf2 35. Nf7+ Kh7 36. Qg6+ Kg8 37. Nxh6+ Kh8 38. Nf7+ Kg8 39.
Nh6+ Kh8 40. h3 Rf8 41. Ng4 Qd4 42. Rb7 Ra7 43. Qh5+ Kg8 44. Nh6+ gxh6 45. Qg6+ 1-0

[Event "Olimpiade 2024 - Donne"]
[Site "Budapest"]
[Date "21.09.2024"]
[Round "10.9"]
[Board "3"]
[White "Guichard, Pauline"]
[Black "Bochnickova, Simona"]
[Result "0-1"]
[WhiteTitle "IM"]
[BlackTitle "WFM"]
[WhiteElo "2374"]
[BlackElo "2138"]
[WhiteTeam "France"]
[BlackTeam "Slovakia"]
[WhiteFideId "639370"]
[BlackFideId "14958562"]
[EventDate "2024.09.11"]

1. d4 Nf6 2. c4 c5 3. d5 b5 4. cxb5 a6 5. bxa6 g6 6. Nc3 Bg7 7. e4 O-O 8. Bc4
Qa5 9. a7 Qxa7 10. Nf3 Ba6 11. Nd2 d6 12. O-O Nbd7 13. Qc2 Rfb8 14. b3 Bxc4 15.
bxc4 Qa5 16. Rb1 Rxb1 17. Ndxb1 Nb6 18. Nd2 Ng4 19. Bb2 Ne5 20. Nb5 Qxa2 21. Ra1
Qxa1+ 22. Bxa1 Rxa1+ 23. Nb1 Nbxc4 24. h3 Nd2 25. Na3 Nxb1 26. Nxb1 c4 27. Kh2
Nd3 28. Qxc4 Be5+ 29. g3 Nxf2 30. Qc2 Bd4 31. Kg2 h5 32. Qc8+ Kg7 33. Qc4 Be5
34. Qc2 Bd4 35. Nc3 Kh7 36. Nb1 Ra5 37. Qc4 Bc5 38. Nc3 Ra3 39. e5 Kg7 40. e6 f5
41. Qh4 Ra7 42. Nb5 Rb7 43. Qa4 Nd3 44. g4 hxg4 45. hxg4 fxg4 46. Qa1+ Ne5 47.
Nd4 Ra7 48. Qb2 Kh7 49. Nc6 Nc4 50. Qb1 Ne3+ 51. Kg3 Ra3 52. Qh1+ Kg7 53. Kf4
Ra4+ 54. Kg3 Nf5+ 55. Kg2 Ra2+ 0-1